000 00566nam a22001817a 4500
003 BD-ChCU
005 20260216095402.0
008 260216b bg ||||| |||| 00| 0 eng d
020 _a 9789845062961
040 _cBD-ChCU
082 _223
_aR616.241095492 C873
100 _aTitumir, Rashed Al Mahamud
_eEditor
_920330
245 _aCovid 19 and bangladesh :
_bresponse, rights and resilience/
_cEdited by Rashed Al Mahmud Titumir
260 _aDhaka :
_bUniversity Press
_c2021
300 _a138 P. :
650 0 _9672
_aEpidemics, Covid 19.
942 _2ddc
_cBK
_n0
999 _c111612
_d111612